INTERES COMUN, BIEN COMUN : (Registro nro. 39126)
[ vista simple ]
| 000 -LEADER | |
|---|---|
| fixed length control field | 00875nam a2200217 a 4500 |
| 001 - CONTROL NUMBER | |
| control field | 39126 |
| 005 - DATE AND TIME OF LATEST TRANSACTION | |
| control field | 20180714012604.0 |
| 008 - FIXED-LENGTH DATA ELEMENTS--GENERAL INFORMATION | |
| fixed length control field | 140415s2001 mx 000 0 spa d |
| 020 ## - INTERNATIONAL STANDARD BOOK NUMBER | |
| International Standard Book Number | 9706136193 |
| 041 ## - LANGUAGE CODE | |
| Language code of text/sound track or separate title | spa |
| 082 ## - DEWEY DECIMAL CLASSIFICATION NUMBER | |
| Classification number | 658.04 |
| Item number | SAG |
| 100 1# - MAIN ENTRY--PERSONAL NAME | |
| Personal name | SAGAWA, SHIRLEY |
| 245 10 - TITLE STATEMENT | |
| Title | INTERES COMUN, BIEN COMUN : |
| Remainder of title | COMO CREAR VALOR MEDIANTE ALIANZAS ENTRE LAS EMPRESAS Y EL SECTOR SOCIAL |
| 250 ## - EDITION STATEMENT | |
| Edition statement | 1a ed. |
| 260 ## - PUBLICATION, DISTRIBUTION, ETC. | |
| Place of publication, distribution, etc. | MEXICO : |
| Name of publisher, distributor, etc. | OXFORD UNIVERSITY PRESS MEXICO, |
| Date of publication, distribution, etc. | 2001 |
| 300 ## - PHYSICAL DESCRIPTION | |
| Extent | 324 |
| Dimensions | x 16.5 x 23.8 |
| 520 ## - SUMMARY, ETC. | |
| Summary, etc. | ESTE LIBRO ABORDA EL TEMA SOBRE LAS RELACIONES EMPRESARIALES TANTO PÚBLICAS COMO PRIVADAS UTILIZANDO COMO INSTRUMENTO INDISPENSABLE, EL BIEN COMÚN; QUE SIGNIFICARÁ EL BIEN MAYOR EN CUALQUIER RELACIÓN. |
| 650 14 - SUBJECT ADDED ENTRY--TOPICAL TERM | |
| Topical term or geographic name entry element | ADMINISTRACION FINANCIERA |
| General subdivision | ECONOMIA |
| 700 1# - ADDED ENTRY--PERSONAL NAME | |
| Personal name | BELTRÁN FÉLIX, GENEY |
| Relator term | tr. |
| 700 1# - ADDED ENTRY--PERSONAL NAME | |
| Personal name | SEGAL, ELI |
| Relator term | coaut. |
| Withdrawn status | Lost status | Source of classification or shelving scheme | Damaged status | Not for loan | Collection code | Home library | Current library | Shelving location | Date acquired | Source of acquisition | Inventory number | Total Checkouts | Full call number | Barcode | Date last seen | Date last checked out | Price effective from | Koha item type |
|---|---|---|---|---|---|---|---|---|---|---|---|---|---|---|---|---|---|---|
| Dewey Decimal Classification | General | Biblioteca Karol Wojtyla | Biblioteca Karol Wojtyla | Sala general | 03/12/2013 | Compra | 151000000000000000020206 | 1 | 658.04 SAG | 58819 | 05/01/2026 | 12/02/2025 | 03/12/2013 | Libro |